| 000 | 00725nam a2200217Ii 4500 | ||
|---|---|---|---|
| 003 | JO-AjNU | ||
| 008 | 230605s9999||||xx |||||||||||||| ||und|| | ||
| 017 | _a2002/11/2780 | ||
| 040 |
_aJO-AjNU _bara _erda _cJO-AjNU |
||
| 041 | _aara | ||
| 050 | 1 | 4 | _aPJ7860.I382.A15 2002 |
| 100 | 3 |
_aتأليف رفايعة، جواهر, _eauthor _949000 |
|
| 245 | 0 | 0 | _aعلى قيد الطفولة |
| 264 | 3 | 1 | _aعمان:وزارة الثقافة،2002 |
| 300 | _a98ص | ||
| 336 |
_atext _btxt _2rdacontent |
||
| 337 |
_aunmediated _bn _2rdamedia |
||
| 338 |
_avolume _bnc _2rdacarrier |
||
| 490 | 0 | _aسلسلة كتب شهرية تصدر عن وزارة الثقافة قصص 11 | |
| 650 | 4 |
_aالأدب العربي - قصص _949001 |
|
| 999 |
_aA21495 _c25063 _d25063 |
||